| 000 -LEADER |
| fixed length control field |
01042pam a2200325 a 4500 |
| 001 - CONTROL NUMBER |
| control field |
2806296 |
| 005 - DATE AND TIME OF LATEST TRANSACTION |
| control field |
20240426155400.0 |
| 008 - FIXED-LENGTH DATA ELEMENTS--GENERAL INFORMATION |
| fixed length control field |
821019s1983 nyua b 001 0 eng |
| 010 ## - LIBRARY OF CONGRESS CONTROL NUMBER |
| LC control number |
82020087 |
| 020 ## - INTERNATIONAL STANDARD BOOK NUMBER |
| International Standard Book Number |
047109563X : |
| Terms of availability |
$35.00 (est.) |
| 040 ## - CATALOGING SOURCE |
| Original cataloging agency |
DLC |
| Transcribing agency |
DLC |
| Modifying agency |
DLC |
| 050 10 - LIBRARY OF CONGRESS CALL NUMBER |
| Classification number |
RC636 |
| Item number |
.P73 1983 |
| 060 ## - NATIONAL LIBRARY OF MEDICINE CALL NUMBER |
| Classification number |
WH 100 P895 |
| 080 ## - UNIVERSAL DECIMAL CLASSIFICATION NUMBER |
| Universal Decimal Classification number |
616.1P-90 |
| 245 00 - TITLE STATEMENT |
| Title |
Practical hematology / |
| Statement of responsibility, etc. |
edited by William G. Hocking. |
| 260 ## - PUBLICATION, DISTRIBUTION, ETC. |
| Place of publication, distribution, etc. |
New York : |
| Name of publisher, distributor, etc. |
Wiley, |
| Date of publication, distribution, etc. |
c1983. |
| 300 ## - PHYSICAL DESCRIPTION |
| Extent |
xvi, 275 p. : |
| Other physical details |
ill. ; |
| Dimensions |
22 cm. |
| 440 #0 - SERIES STATEMENT/ADDED ENTRY--TITLE |
| Title |
Family practice today |
| 9 (RLIN) |
275 |
| 440 #2 - SERIES STATEMENT/ADDED ENTRY--TITLE |
| Title |
A Wiley medical publication |
| 9 (RLIN) |
276 |
| 504 ## - BIBLIOGRAPHY, ETC. NOTE |
| Bibliography, etc. note |
Includes bibliographies and index. |
| 650 #0 - SUBJECT ADDED ENTRY--TOPICAL TERM |
| Topical term or geographic name entry element |
Blood |
| General subdivision |
Diseases. |
| 9 (RLIN) |
277 |
| 650 #0 - SUBJECT ADDED ENTRY--TOPICAL TERM |
| Topical term or geographic name entry element |
Hematology. |
| 9 (RLIN) |
278 |
| 650 #2 - SUBJECT ADDED ENTRY--TOPICAL TERM |
| Topical term or geographic name entry element |
Blood diseases. |
| 9 (RLIN) |
279 |
| 653 ## - INDEX TERM--UNCONTROLLED |
| keyword |
მედიცინა |
| 653 ## - INDEX TERM--UNCONTROLLED |
| keyword |
სისხლის დააბადებები |
| 653 ## - INDEX TERM--UNCONTROLLED |
| keyword |
ჰემატოლოგია |
| 700 1# - ADDED ENTRY--PERSONAL NAME |
| Personal name |
Hocking, William G. |
| 9 (RLIN) |
280 |
| 906 ## - LOCAL DATA ELEMENT F, LDF (RLIN) |
| a |
7 |
| b |
cbc |
| c |
orignew |
| d |
1 |
| e |
ocip |
| f |
19 |
| g |
y-gencatlg |
| 942 ## - ADDED ENTRY ELEMENTS (KOHA) |
| Source of classification or shelving scheme |
|
| Koha item type |
წიგნი |